Molecular Biology in Clinical Medicine /

Đã lưu trong:
Sonraí Bibleagrafaíochta
Príomhúdar: Williams, Ralph C.
Údair Eile: Duckwork, Donna H.
Formáid: Sách giấy
Teanga:English
Foilsithe: New York : Elsevier, 1991
Clibeanna: Cuir Clib Leis
Gan Chlibeanna, Bí ar an gcéad duine leis an taifead seo a chlibeáil!
Thư viện lưu trữ: Thư viện Trường Đại học Đà Lạt
LEADER 00599nam a2200241 4500
001 DLU020000276
005 ##12/14/1998
041 # # |a eng 
082 # # |a 616.042  |b WI-R 
100 # # |a Williams, Ralph C. 
245 # # |a Molecular Biology in Clinical Medicine /  |c Ralph C. Williams, Donna H. Duckwork 
260 # # |a New York :  |b Elsevier,  |c 1991 
300 # # |a VI, 518 tr.;  |c 26 cm. 
700 # # |a Duckwork, Donna H. 
992 # # |a 728000 
994 # # |a DLU 
900 # # |a False 
911 # # |a Administrator 
925 # # |a G 
926 # # |a A 
927 # # |a SH 
980 # # |a Thư viện Trường Đại học Đà Lạt